=LDR 00000nam 2200000 4500 =001 INLIS000000000030990 =005 20240426094821 =035 ##$$a 0010-061300000030990 =008 240426###########################0#ind## =041 ##$$a ind =082 ##$$a 028.5 =090 ##$$a 028.5, Mua p =100 ##$$a Muakhir, Ali =245 1#$$a Perawat Maryam : $b The Caregiver of Maryam /$c Ali Muakhir; penerjemah, Pratama Almadaly; editor, Imran Laha =260 ##$$a Jakarta :$b Bumi aksara =300 ##$$a 23 hlm : $b Ilus ; $c 19 cm =650 #4$$a Bacaan Kanak-kanak =850 ##$$a NBPNMAT =020 ##$$a 979-010-418-9 =084 ##$$a 028.5 MUA p =250 ##$$a Seri Kisah Seru 25 Nabi =990 ##$$a 0001/BPAP-NTB/2016 =990 ##$$a 21602094/BPAP-NTB/2017 =990 ##$$a 20901547 =990 ##$$a 20901551